000 00709nam a22002297a 4500
005 20250811161612.0
008 250811b |||||||| |||| 00| 0 eng d
020 _a978-964-372-657-7 (hbk)
037 _cTB
040 _aCRL
_cCRL
041 _2PER
_aPER
084 _aO164v R1
_bCRL
100 _aKobb, Abdul Hussain Zarrina
_9817761
245 _aAashnai ba naqad adbi
260 _aTehran, Iran:
_bSokhan Publishers,
_c2021.
300 _a508p.
365 _b3600.00
_cINR
650 _aPersian Literature
650 _aHistory
942 _2CC
_cTB
_hO164v R1
_n0
999 _c1434692
_d1434692